000 02146nam0a2200373 4500
001 RU\NLR\bibl\1407586
005 20260407102441.0
010 _a978-5-7882-0686-8
_9100
021 _aRU
_b2009-51508
_93163
035 _a(NLR Aleph) 001399579
090 _a1213823
_c1213823
100 _a20090904d2009 |||y0rusy50 ca
101 0 _arus
_deng
102 _aRU
105 _aa |||||||||
200 1 _aРегионы России: государственное управление, безопасность и национальные проекты в условиях вызовов XXI века
_eмонография
_f[Э.М. Андреев, А.В. Аляев, Т.Г. Антропова и др.
_gнауч. ред. д.социол.н., проф. А.Р. Тузиков]
_gФедер. агентство по образованию, Гос. образоват. учреждение высш. проф. образования "Каз. гос. технол. ун-т", Рос. о-во социологов, Каз. отд-ние
210 _aКазань
_cКГТУ
_d2009
215 _a339 с.
_cил.
_d21
300 _aАвт. указаны на обороте тит. л.
300 _aРез. на англ. яз.
320 _aБиблиогр. в конце ст.
606 1 _aНациональные проекты
_xРоль органов государственного управления
_yРоссийская Федерация
_92480461
_3RU\NLR\auth\661472530
686 _aХ621.14
701 1 _4070
_8rus
_7ca
_aАндреев
_bЭ.М.
_gЭдуард Михайлович
_cфилософ
_3RU\NLR\auth\7723960
_97013
701 1 _aАляев
_bА. В.
_4070
701 1 _aАнтропова
_bТ. Г.
_4070
702 1 _4340
_8rus
_7ca
_aТузиков
_bА. Р.
_f1956-
_gАндрей Римович
_3RU\NLR\AUTH\7782472
_965400
712 0 2 _4570
_aКазанский государственный технологический университет
_3RU\NLR\AUTH\889930491
_9356531
801 0 _aRU
_bNLR
_c20090904
_gRCR
801 1 _aRU
_bNLR
_c20090904
942 _cBOOK
980 _aNB